| 000 | 00515nam a2200181Ia 4500 | ||
|---|---|---|---|
| 005 | 20250508152016.0 | ||
| 008 | 008 250505s9999 xx 000 0 eng d | ||
| 037 | _aTextual | ||
| 040 |
_aFEDL _beng _cFEDL |
||
| 041 |
_aeng _2eng |
||
| 084 |
_a424, HAR _qFEDL |
||
| 100 |
_aHart Arachibald _9760566 |
||
| 245 | 0 | _aGrowing vocabulary : Fun and adventure with words | |
| 260 |
_aNew York, USA _bE P Dutton Company _c1956 |
||
| 300 | _a156p. | ||
| 942 |
_cTEXL _h424, HAR |
||
| 999 |
_c1333576 _d1333576 |
||